Countries with most NBA players - Statistics

General Stats
  • This quiz has been taken 40 times
  • The average score is 15 of 19
Answer Stats
Hint Answer % Correct
49 Players Canada
100%
33 Players France
97%
18 Players Germany
97%
17 Players Spain
94%
25 Players Australia
91%
12 Players Great Britain
91%
13 Players Russia
91%
31 Players Serbia
88%
11 Players Italy
85%
17 Players Brazil
82%
22 Players Croatia
82%
13 Players Greece
82%
12 Players Argentina
79%
12 Players Lithuania
76%
21 Players Nigeria
68%
12 Players Slovenia
68%
12 Players Turkey
68%
12 Players Senegal
35%
10 Players Georgia
15%
No matching quizzes found
Score Distribution
Percent of People with Each Score
Percentile by Number Answered
Your Score History
You have not taken this quiz